| 000 | 01265njm a22002897a 4500 | ||
|---|---|---|---|
| 005 | 20100901115333.0 | ||
| 006 | a|||||r|||||00| 0 | ||
| 007 | sd ammalaaahaa | ||
| 008 | 100901t xxu||||| |||| 00| 0 eng d | ||
| 028 |
_a3AEX 5200 _bEMI |
||
| 035 | _aGR-03798 | ||
| 040 |
_aSED _cSED |
||
| 100 |
_aMangeshkar, Lata _917891 |
||
| 245 |
_aRaja Aur Runk / _cby Lata Mangeshkar & Manna Dey ; music by Laxmikant Pyarelal ; lyric by Anand Bakshi _h[Sound recording] |
||
| 246 | _aराजा और रुनक / लता मंगेशकर | ||
| 260 |
_aDUM DUM, India _bEMI _c1968 |
||
| 300 |
_a1 Sound disc [Gramophone Recording] : _banalog, 33 1/3 rpm _c12 in. (LP) _fGramophone Record |
||
| 500 | _aBrief record | ||
| 500 | _aRecord Labels : EMI,Bruan | ||
| 505 | _aSide-1 ओ कन्हैया कन्हैया (o kanhaiya kanhaiya) (Lata Mangeshkar & Manna Dey)--Side-2 तू कितनी अच्छी है (Tu kitni achhi hai) (Begum Akhtar) (Lata Mangeshkar) | ||
| 600 | _2Mangeshkar, Lata | ||
| 650 |
_aFilm songs _xExcerpts _zIndia _917892 |
||
| 700 |
_920791 _aLaxmikant Pyarelal |
||
| 700 |
_aBakshi, Anand _920835 |
||
| 942 |
_2ddc _cGR |
||
| 999 |
_c47104 _d47104 |
||